000 00509nam a2200181Ia 4500
003 GCL
008 140319s9999 xx 000 0 ara d
040 _aGCL /
_cGCL
082 0 4 _a813.03
_bا ح
100 1 _aاسماعيل النقيب
245 1 0 _aالحب فى زمن الخطأ /
_cاسماعيل النقيب
300 _a116 ص
490 _a100 قصة
_v0
650 0 4 _aالادب العربى
650 0 4 _aالقصص العربية
650 0 4 _aالقصص العاطفية
942 _2ddc
_cBK
999 _c45004
_d45004